<?xml version="1.0" encoding="UTF-8"?>
<collection xmlns="http://www.loc.gov/MARC21/slim">
 <record>
  <leader>00409nab a2200133 c 4500</leader>
  <controlfield tag="001">bibPHI0043921</controlfield>
  <controlfield tag="005">20200924125212.2</controlfield>
  <controlfield tag="008">130111s1994    hu                  hun  </controlfield>
  <datafield tag="100" ind1="1" ind2=" ">
   <subfield code="a">Popper, Karl</subfield>
  </datafield>
  <datafield tag="245" ind1="1" ind2="0">
   <subfield code="a">Gyermekkor Bécsben</subfield>
   <subfield code="c">Karl Popper ; [ford. Farkas János László]</subfield>
  </datafield>
  <datafield tag="695" ind1=" " ind2=" ">
   <subfield code="a">filozófia, osztrák</subfield>
  </datafield>
  <datafield tag="695" ind1=" " ind2=" ">
   <subfield code="a">filozófiatörténet</subfield>
  </datafield>
  <datafield tag="700" ind1="1" ind2=" ">
   <subfield code="a">Farkas János László</subfield>
  </datafield>
  <datafield tag="773" ind1="0" ind2=" ">
   <subfield code="t">Európai Utas</subfield>
   <subfield code="g">5.1994:4. p. 66-68.</subfield>
  </datafield>
 </record>
</collection>
